Estructura económica salvadoreña /

Según J. Lazo M., El Salvador, antes de la década de los ochenta, era un país predominantemente agrícola. Sin embargo, como producto de la crisis económica, la situación tiende a modificarse, y el sector comercial pasa a ser el principal. La situación estructural de la economía salvadoreña sufre una...

תיאור מלא

שמור ב:
מידע ביבליוגרפי
מחבר ראשי: Lazo M, José Francisco
פורמט: Texto
נושאים:
תגים: הוספת תג
אין תגיות, היה/י הראשונ/ה לתייג את הרשומה!

MARC

LEADER 00000 a a2200000 04500
001 4281
003
040
100 |a Lazo M, José Francisco  
245 |a Estructura económica salvadoreña /  |c José Francisco Lazo M 
520 |a Según J. Lazo M., El Salvador, antes de la década de los ochenta, era un país predominantemente agrícola. Sin embargo, como producto de la crisis económica, la situación tiende a modificarse, y el sector comercial pasa a ser el principal. La situación estructural de la economía salvadoreña sufre una pérdida en su capacidad productiva, caracterizándose la estructura económica de ese país por la concentración en la producción de bienes y servicios, tanto es así que se habla de una estructura oligopólica, donde un reducido número de empresas controla la actividad en que se encuentran insertas. En el trabajo se presentan, además, varios cuadros estadísticos que permiten un análisis más minucioso de la situación económica salvadoreña. SM/eb  
650 |a ESTRUCTURA ECONOMICA  
650 |a AGRICULTURA  
650 |a COMERCIO  
650 |a PROCESO INFLACIONARIO  
650 |a EXPORTACIONES  
650 |a IMPUESTOS  
650 |a RECESION ECONOMICA  
650 |a MODELOS ECONOMICOS  
650 |a IMPORTACIONES  
650 |a INFLACION  
650 |a EXPORTACIONES  
650 |a IMPORTACIONES  
650 |a CONCENTRACION DEL CAPITAL  
773 |g número 10; páginas 18-29  
999 |c 24433  |d 24433